Six pays les plus proches - Nauru - Statistiques

Statistiques générales
  • Ce quiz a été pris 91 fois
  • Le résultat moyen est 3 sur 6
Statistiques - réponses
km pays % Correct
1160 Tuvalu
58%
1104 Îles Salomon
56%
598 Îles Marshall
53%
776 Micronésie
50%
288 Kiribati
43%
1392 Papouasie- Nouvelle-Guinée
21%
Aucun quiz correspondant
Distribution des résultats
% des personnes avec chaque résultat
Percentile par nombre de réponses
Votre historique - résultats
Vous n’avez pas pris ce quiz